000 00736nam a2200229 a 4500
001 22741
003 CO-ViMGA
008 141112s2004 ck r 000 u spa d
020 _a9586909174
040 _aCO-ViMGA
_bspa
_cCO-ViMGA
082 0 4 _a346.03 M193e
100 1 _aMazeaud, Henri ; Mazeaud, León
_932445
245 1 0 _aElementos de la responsabilidad civil :
_bperjuicio, culpa y relacion de causalidad
260 _aColombia. Leyer
300 _a548p.
505 _aEl concepto de responsabilidad civil, El perjuicio, La culpa, La relacion causalidad
650 1 4 _aCULPA JURIDICA
_917674
650 1 4 _aPERJUICIO
_932446
650 1 4 _aRESPONSABILIDAD CIVIL
650 1 4 _aRESPONSABILIDAD LEGAL
_932447
942 _2ddc
_cBK
999 _c31039
_d31039